Statistics for Multiple Choice Geography Trivia #1

Click here to take the quiz!

General Stats

  • This quiz has been taken 385 times
    (96 since last reset)
  • The average score is 13 of 20

Answer Stats

Question Answer % Correct
Country whose capital is LisbonPortugal
92%
Largest country by area sizeRussia
89%
Country home to the SherpasNepal
89%
State whose nickname is the "Great Lakes State"Michigan
84%
Deepest point in the OceanMariana Trench
81%
Country home to the Burj KhalifaUnited Arab Emirates
81%
Country of the Colossus of RhodesGreece
80%
River of Vienna and BudapestDanube
77%
Sea east of ItalyAdriatic Sea
71%
Largest island of ItalySicily
69%
Body of water southeast of IndiaBay of Bengal
68%
Currency of ChinaYuan
58%
Language of AngolaPortuguese
57%
It has a mysteriously low life expectancy, some blame it on the deep-fried Mars BarsGlasgow
53%
Country west of LiechtensteinSwitzerland
49%
Country East of Cote d'IvoireGhana
48%
State with Guadalupe Mountains National ParkTexas
41%
Highest point of CanadaMount Logan
40%
River that flows through CanberraMurrumbidgee
23%
Approximate population of Malaysia rounded to the nearest ten million30 million
21%

Score Distribution

Percentile by Number Answered

Percent of People with Each Score

Your Score History

You have not taken this quiz since the last reset